[Event "Kaupthing op-B 1st"]
[Site "Differdange"]
[Date "2007.07.09"]
[Round "4"]
[White "Ferri, Doriano"]
[Black "Scheerer, Daniel"]
[Result "0-1"]
[WhiteElo "1646"]
[BlackElo "1716"]
[PlyCount "104"]
[EventDate "2007.07.08"]
[EventType "swiss"]
[EventRounds "9"]
[EventCountry "LUX"]
[SourceTitle "EXT 2008"]
[Source "ChessBase"]
[SourceDate "2007.11.25"]
[SourceVersion "1"]
[SourceVersionDate "2007.11.25"]
[SourceQuality "1"]

1. d4 d5 2. c4 e5 3. dxe5 d4 4. a3 Nc6 5. e3 Bf5 6. Nf3 dxe3 7. Qxd8+ Rxd8 8. Bxe3 Nge7 9. Be2 Ng6 10. 0-0 Ncxe5 11. Nxe5 Nxe5 12. Re1 Be7 13. Nc3 Be6 14. Nb5 Rd7 15. Rad1 a6 16. Rxd7 Kxd7 17. Rd1+ Kc8 18. Nc3 Nxc4 19. Bxc4 Bxc4 20. Bd4 f6 21. Re1 c5 22. Rxe7 cxd4 23. Ne4 Rd8 24. Rxg7 d3 25. Nd2 Re8 26. g3 Re1+ 27. Kg2 Bd5+ 28. Kh3 Re2 29. Nb1 Be6+ 30. Kg2 Rxb2 31. Nc3 Rc2 32. Re7 Rxc3 33. Rxe6 Kd7 34. Re1 Rxa3 35. Rd1 Kd6 36. Kf3 d2+ 37. Ke2 Ra2 38. f3 Kd5 39. h4 Kc4 40. Ke3 Ra3+ 41. Ke2 Rd3 42. g4 Rd7 43. Rxd2 Rxd2+ 44. Kxd2 Kd4 45. Ke2 a5 46. g5 fxg5 47. hxg5 a4 48. Kd2 a3 49. Kc2 Ke3 50. Kb3 Kxf3 51. Kxa3 Kf4 52. Kb4 Kxg5 0-1